UBT Library

Making content comprehensible for elementary English learners : (Record no. 39011)

000 -LEADER
fixed length control field 00929cam a2200265 a 4500
001 - CONTROL NUMBER
control field 15626845
005 - DATE AND TIME OF LATEST TRANSACTION
control field 20171215073017.0
007 - PHYSICAL DESCRIPTION FIXED FIELD--GENERAL INFORMATION
fixed length control field co |g|||||||||
008 - FIXED-LENGTH DATA ELEMENTS--GENERAL INFORMATION
fixed length control field 090217s2010 maua b 001 0 eng
010 ## - LIBRARY OF CONGRESS CONTROL NUMBER
LC control number 2009006947
020 ## - INTERNATIONAL STANDARD BOOK NUMBER
International Standard Book Number 9780205627561
020 ## - INTERNATIONAL STANDARD BOOK NUMBER
International Standard Book Number 0205627560
035 ## - SYSTEM CONTROL NUMBER
System control number (OCoLC)ocn268788251
040 ## - CATALOGING SOURCE
Original cataloging agency DLC
Transcribing agency DLC
Modifying agency YDX
-- BTCTA
-- YDXCP
-- CDX
-- DLC
041 ## - LANGUAGE CODE
Language code of text/sound track or separate title eng
080 ## - UNIVERSAL DECIMAL CLASSIFICATION NUMBER
Universal Decimal Classification number 372.6521 ECHE
082 00 - DEWEY DECIMAL CLASSIFICATION NUMBER
Classification number 372.6521 ECHE
Edition number 23
100 1# - Rafti
Rafti 46
101 ## - Shkurtesa
Shkurtesa EDU
245 10 - TITLE STATEMENT
Title Making content comprehensible for elementary English learners :
Statement of responsibility, etc Jana Echevarría, MaryEllen Vogt, Deborah J. Short.
504 ## - BIBLIOGRAPHY, ETC. NOTE
Bibliography, etc Includes bibliographical references (p. 258-267) and indexes.
906 ## - LOCAL DATA ELEMENT F, LDF (RLIN)
a 7
b cbc
c orignew
d 1
e ecip
f 20
g y-gencatlg
942 ## - ADDED ENTRY ELEMENTS (KOHA)
Source of classification or shelving scheme
Item type Books
Holdings
Withdrawn status Lost status Source of classification or shelving scheme Damaged status Not for loan Collection code Permanent location Current location Shelving location Date acquired Total Checkouts Full call number Barcode Date last seen Price effective from Koha item type
          Koleksioni i përgjithshem UBT - Lipjan UBT - Lipjan Koleksioni i përgjithshem 12/15/2017   372.6521 ECHE 002-29402 12/15/2017 12/15/2017 Books
UBT Library © 2015-2024. All rights reserved University Education for Business and Technology